Central Library OPAC University of Rajshahi

The politics of urban renewal : (Record no. 34457)

MARC details
000 -LEADER
fixed length control field 00891cam a22002531 4500
001 - CONTROL NUMBER
control field 34457
003 - CONTROL NUMBER IDENTIFIER
rucl marc code BD-RjUL
005 - DATE AND TIME OF LATEST TRANSACTION
control field 20211209052149.0
008 - FIXED-LENGTH DATA ELEMENTS--GENERAL INFORMATION
fixed length control field 140517s1961 nyua b 000 0 eng
035 ## - SYSTEM CONTROL NUMBER
System control number (BD-RjUL)34551
040 ## - CATALOGING SOURCE
Original cataloging agency DLC
Transcribing agency ODaWU
Modifying agency OCoLC
-- BD-RjUL
Language of cataloging eng
041 ## - LANGUAGE CODE
Language code of text/sound track or separate title eng
082 ## - DEWEY DECIMAL CLASSIFICATION NUMBER
Classification number 301.36
Author mark and year ROP 1961
100 1# - MAIN ENTRY--PERSONAL NAME
Personal name Rossi, Peter H.
Fuller form of name (Peter Henry),
Dates associated with a name 1921-2006.
9 (RLIN) 104791
245 14 - TITLE STATEMENT
Title The politics of urban renewal :
Remainder of title the Chicago findings /
Statement of responsibility, etc. Peter H. Rossi and Robert A. Dentler. With the assistance of Nelson W. Polsby [and others.
260 ## - PUBLICATION, DISTRIBUTION, ETC. (IMPRINT)
Place of publication, distribution, etc. New York :
Name of publisher, distributor, etc. Free Press of Glencoe ;
Date of publication, distribution, etc. c1961
300 ## - PHYSICAL DESCRIPTION
Pagination 308 p. :
Illustrations illus. ;
Size 22 cm.
504 ## - BIBLIOGRAPHY, ETC. NOTE
Bibliography, etc Includes bibliography.
650 #0 - SUBJECT ADDED ENTRY--TOPICAL TERM
Topical term or geographic name as entry element Urban renewal
Geographic subdivision Illinois
-- Chicago.
9 (RLIN) 44098
700 1# - ADDED ENTRY--PERSONAL NAME
Personal name Dentler, Robert A.,
Dates associated with a name 1928-2008,
Relator term joint author.
942 ## - ADDED ENTRY ELEMENTS (KOHA)
Source of classification or shelving scheme Dewey Decimal Classification
Koha item type Books
Holdings
Lost status Source of classification or shelving scheme Damaged status Not for loan Collection code Permanent Location Current Location Shelving location Date acquired Source of acquisition Cost, normal purchase price Total Checkouts Full call number Date last seen Copy number Koha item type
  Dewey Decimal Classification   Not For Loan Non-fiction Central Library, University of Rajshahi Central Library, University of Rajshahi Reading Room 01/02/1963 mirza book ajency 30.00   301.36 ROP 1961 17/05/2014 C-1 Books